000 00990nam a2200253 a 4500
001 71142
003 BD-RjUL
005 20211209082100.0
008 170427s1992 ii a|||| |||| 00| 0 ben d
020 _c: TK. 34.00
035 _a(BD-RjUL)71357
040 _aBD-RjUL
_bben
_cBD-RjUL
_dBD-RjUL
041 _aben
082 _223
_a954.03
_bCHA 1992
100 _aচট্টোপাধ্যায়, প্রণবকুমার
_9118562
245 _aআধুনিক ভারত /
_cপ্রণবকুমার চট্টোপাধ্যায়
250 _a৩য় সং.
260 _aকলিকাতা :
_bপশ্চিমবঙ্গ রাজ্য পুস্তক পর্ষদ,
_c১৯৯২.
300 _aখন্ড. :
_bচিত্র. ;
_c২৪ সেমি.
505 _aখন্ড.-২.-- (১৯২০-১৯৪৭)
651 _aভারত
_vইতিহাস
_9210475
651 _aIndia
_vHistory.
_9210476
942 _2ddc
_cBK
999 _c71142
_d71142